Construction in the UK economy (Record no. 113173)
[ view plain ]
| 000 -LEADER | |
|---|---|
| fixed length control field | 01461cad a22002175a 4500 |
| 001 - CONTROL NUMBER | |
| control field | L154813 |
| 008 - FIXED-LENGTH DATA ELEMENTS--GENERAL INFORMATION | |
| fixed length control field | 120120s2010 xxk g 000 0 eng d |
| 035 ## - SYSTEM CONTROL NUMBER | |
| System control number | (Sirsi) u154813 |
| 041 0# - LANGUAGE CODE | |
| Language code of text/sound track or separate title | eng |
| 110 2# - MAIN ENTRY--CORPORATE NAME | |
| Corporate name or jurisdiction name as entry element | L. E. K. Consulting |
| 9 (RLIN) | 6012 |
| 245 00 - TITLE STATEMENT | |
| Title | Construction in the UK economy |
| Remainder of title | October 2010 update |
| Medium | [electronic resource] |
| 260 ## - PUBLICATION, DISTRIBUTION, ETC. | |
| Place of publication, distribution, etc. | London |
| Name of publisher, distributor, etc. | UKCG |
| Date of publication, distribution, etc. | 2010 |
| 505 2# - FORMATTED CONTENTS NOTE | |
| Formatted contents note | Introduction -- Impact on economic activity -- Contribution to employment -- Benefits of investment -- Conclusion |
| 520 ## - SUMMARY, ETC. | |
| Summary, etc. | This study was commissioned by the UK Contractors Group and was conducted during August and September 2009, and updated in October 2010. The objectives of this study are to demonstrate the impacts of the UK construction industry on the UK economy, and specifically to highlight the benefits of investing in construction. The key areas covered by the study include: the significant contribution that construction makes to the UK economy, both at a national level and in supporting the regions, the key contribution that construction makes to UK employment, the enabling role that construction plays in realising a range of broader economic and social objectives. |
| 590 ## - LOCAL NOTE (RLIN) | |
| Local note | KA |
| 651 #4 - SUBJECT ADDED ENTRY--GEOGRAPHIC NAME | |
| Geographic name | United Kingdom |
| Chronological subdivision | |
| 690 ## - LOCAL SUBJECT ADDED ENTRY--TOPICAL TERM (OCLC, RLIN) | |
| Topical term or geographic name as entry element | Construction management |
| 9 (RLIN) | 6230 |
| 710 1# - ADDED ENTRY--CORPORATE NAME | |
| Corporate name or jurisdiction name as entry element | UK Contractors Group |
| 9 (RLIN) | 6011 |
| 856 40 - ELECTRONIC LOCATION AND ACCESS | |
| Uniform Resource Identifier | <a href="https://ukcg.org.uk/fileadmin/documents/UKCG/pamphlets/LEK_report_Nov_2010.pdf">https://ukcg.org.uk/fileadmin/documents/UKCG/pamphlets/LEK_report_Nov_2010.pdf</a> |
| Public note | View this report free of charge at ukcg.org.uk |
| 942 ## - ADDED ENTRY ELEMENTS (KOHA) | |
| Suppress in OPAC | 0 |
| Withdrawn status | Lost status | Source of classification or shelving scheme | Damaged status | Not for loan | Home library | Current library | Shelving location | Date acquired | Total Checkouts | Full call number | Barcode | Date last seen | Copy number | Price effective from | Koha item type |
|---|---|---|---|---|---|---|---|---|---|---|---|---|---|---|---|
| Dewey Decimal Classification | Virtual | Virtual | Online | 20/01/2012 | ONLINE PUBLICATION | 154813-2001 | 06/08/2019 | 1 | 06/08/2019 | Book |